Statistics for Kingdoms, Principalities, and Duchies

Click here to take the quiz!

General Stats

  • This quiz has been taken 242 times
    (182 since last reset)
  • The average score is 17 of 22

Answer Stats

Answer% Correct
United Kingdom of Great Britain and Northern Ireland
94%
Grand Duchy of Luxembourg
91%
Kingdom of Norway
91%
Kingdom of Sweden
91%
Kingdom of the Netherlands
88%
Kingdom of Denmark
86%
Kingdom of Saudi Arabia
86%
Kingdom of Belgium
85%
Principality of Andorra
84%
Principality of Monaco
84%
Kingdom of Spain
83%
Sultanate of Oman
79%
Principality of Liechtenstein
75%
Kingdom of Bahrain
71%
Hashemite Kingdom of Jordan
68%
Kingdom of Thailand
67%
Kingdom of Morocco
66%
Kingdom of Lesotho
63%
Kingdom of Bhutan
61%
Kingdom of Swaziland
53%
Kingdom of Cambodia
52%
Kingdom of Tonga
52%

Score Distribution

Percentile by Number Answered

Percent of People with Each Score

Your Score History

You have not taken this quiz since the last reset